Faculty of Law Library — Cairo University

Official Online Catalog

Criminological theory / (Record no. 49371)

MARC details
000 -LEADER
fixed length control field 01052cac a2200337 i 4500
003 - CONTROL NUMBER IDENTIFIER
control field EG-GICUC
005 - DATE AND TIME OF LATEST TRANSACTION
control field 20260121101445.0
008 - FIXED-LENGTH DATA ELEMENTS--GENERAL INFORMATION
fixed length control field 930914s1994 nju frb 001 0 eng d
020 ## - INTERNATIONAL STANDARD BOOK NUMBER
International Standard Book Number 0130302899
020 ## - INTERNATIONAL STANDARD BOOK NUMBER
International Standard Book Number 9780130302892
040 ## - CATALOGING SOURCE
Original cataloging agency DLC
Transcribing agency DLC
Modifying agency DLC
-- EG-GICUC
Language of cataloging eng
Description conventions rda
050 00 - LIBRARY OF CONGRESS CALL NUMBER
Classification number HV6018
Item number .W48 1994
082 00 - DEWEY DECIMAL CLASSIFICATION NUMBER
Classification number 343.62
Edition number 21
092 04 - LOCALLY ASSIGNED DEWEY CALL NUMBER (OCLC)
Edition number 21
099 ## - LOCAL FREE-TEXT CALL NUMBER (OCLC)
Classification number Law 10 1994
100 1# - MAIN ENTRY--PERSONAL NAME
Personal name Williams, Franklin P.
245 10 - TITLE STATEMENT
Title Criminological theory /
Statement of responsibility, etc. Franklin P. Williams III, Marilyn D. McShane.
250 ## - EDITION STATEMENT
Edition statement 2nd edition.
264 ## - PRODUCTION, PUBLICATION, DISTRIBUTION, MANUFACTURE, AND COPYRIGHT NOTICE
Place of production, publication, distribution, manufacture Englewood Cliffs, N.J. :
Name of producer, publisher, distributor, manufacturer Prentice Hall,
Date of production, publication, distribution, manufacture, or copyright notice 1994.
300 ## - PHYSICAL DESCRIPTION
Extent viii, 280 page ;
Dimensions 23 cm.
Other physical details illustrations,
336 ## - CONTENT TYPE
Content type term text
Content type code txt
Source rdacontent
337 ## - MEDIA TYPE
Media type term unmediated
Media type code n
Source rdamedia
338 ## - CARRIER TYPE
Carrier type term volume
Carrier type code nc
Source rdacarrier
504 ## - BIBLIOGRAPHY, ETC. NOTE
Bibliography, etc. note Includes bibliographical references and index.
650 #0 - SUBJECT ADDED ENTRY--TOPICAL TERM
Topical term or geographic name entry element Criminology.
Source of heading or term qrmak
651 1# - SUBJECT ADDED ENTRY--GEOGRAPHIC NAME
Source of heading or term qrmak
700 1# - ADDED ENTRY--PERSONAL NAME
Personal name McShane, Marilyn D.,
Dates associated with a name 1956-
856 40 - ELECTRONIC LOCATION AND ACCESS
Uniform Resource Identifier <a href="https://fll.law.cu.edu.eg/fulltext/bks/ENGB10-00009.pdf">https://fll.law.cu.edu.eg/fulltext/bks/ENGB10-00009.pdf</a>
905 ## - Cataloger and Reviser Names
Cataloger Name: Hend El khosy
942 ## - ADDED ENTRY ELEMENTS (KOHA)
Source of classification or shelving scheme Dewey Decimal Classification
Koha item type Books
Edition 21
Suppress in OPAC No
Holdings
Withdrawn status Lost status Source of classification or shelving scheme Damaged status Not for loan Collection Home library Current library Date acquired Total checkouts Full call number Barcode Date last seen Copy number Price effective from Koha item type Public note
    Dewey Decimal Classification     القانون الجنائي جــــامعة القــاهرة مكتبة كلية الحقوق - المبنى الرئيسي 09.12.2025   Law1 10 343.62 WI . C 2 ed - 1994 1000011 C3 ENGB10-00011 09.12.2025 3 09.12.2025 Books 1227
    Dewey Decimal Classification     القانون الجنائي جــــامعة القــاهرة مكتبة كلية الحقوق - المبنى الرئيسي 09.12.2025   Law1 10 343.62 WI . C 2 ed - 1994 1000012 C4 ENGB10-00012 09.12.2025 4 09.12.2025 Books 1228
    Dewey Decimal Classification     القانون الجنائي جــــامعة القــاهرة مكتبة كلية الحقوق - فـرع الشيخ زايد 09.12.2025   Law2 10 343.62 WI . C 2 ed - 1994 1000009 C1 ENGB10-00009 09.12.2025 1 09.12.2025 Books 1225
    Dewey Decimal Classification     القانون الجنائي جــــامعة القــاهرة مكتبة كلية الحقوق - فـرع الشيخ زايد 09.12.2025   Law2 10 343.62 WI . C 2 ed - 1994 1000010 C2 ENGB10-00010 09.12.2025 1 09.12.2025 Books 1226

© All rights reserved — Faculty of Law, Cairo University